书目信息 |
| 题名: |
放大镜看微生物
|
|
| 作者: | 冯化太 主编 | |
| 分册: | ||
| 出版信息: | 汕头 汕头大学出版社 2018 |
|
| 页数: | 150页 | |
| 开本: | 22cm | |
| 丛书名: | ||
| 单 册: | ||
| 中图分类: | Q939-49 , Q939 | |
| 科图分类: | ||
| 主题词: | 微生物--少儿读物 | |
| 电子资源: | ||
| ISBN: | 978-7-5658-3697-8 | |
| 000 | 00656nam0 2200229 450 | |
| 001 | 2358828658 | |
| 005 | 20231229162051.61 | |
| 010 | @a978-7-5658-3697-8@dCNY 35.80 | |
| 100 | @a20190628d2018 cemy0chiy0120 ea | |
| 101 | 0 | @achi |
| 102 | @aCN@b440000 | |
| 105 | @aa z 000yy | |
| 200 | 1 | @a放大镜看微生物@b专著@f冯化太主编@Afang da jing kan wei sheng wu |
| 210 | @a汕头@c汕头大学出版社@d2018 | |
| 215 | @a150页@c彩图@d22cm | |
| 300 | @a全民科普 创新中国 全民科普大阅读 | |
| 606 | 0 | @a微生物@j少儿读物 |
| 690 | @aQ939-49@v5 | |
| 690 | @aQ939@v4 | |
| 701 | 0 | @a冯化太@4主编@Afeng hua tai |
| 801 | 2 | @aCN@b辽宁北配@c20231205 |
| 905 | @aBZT@dQ939@e79 | |
| 放大镜看微生物/冯化太主编.-汕头:汕头大学出版社,2018 |
| 150页:彩图;22cm |
| 全民科普 创新中国 全民科普大阅读 |
| ISBN 978-7-5658-3697-8:CNY 35.80 |
| ● |
| 相关链接 |
|
|
|
正题名:放大镜看微生物
索取号:Q939/79
 
预约/预借
| 序号 | 登录号 | 条形码 | 馆藏地/架位号 | 状态 | 备注 |
| 1 | 2001720214 | 2001720214 | 辽三/辽宁北配(第三批)/4277/ [索取号:Q939/79] | 在馆 | |
| 2 | 2001720215 | 2001720215 | 辽三/辽宁北配(第三批)/4277/ [索取号:Q939/79] | 在馆 | |
| 3 | 2001720216 | 2001720216 | 辽三/辽宁北配(第三批)/4277/ [索取号:Q939/79] | 在馆 | |
| 4 | 2001720217 | 2001720217 | 辽三/辽宁北配(第三批)/4277/ [索取号:Q939/79] | 在馆 | |
| 5 | 2001720218 | 2001720218 | 辽三/辽宁北配(第三批)/4277/ [索取号:Q939/79] | 在馆 | |
| 6 | 2001720219 | 2001720219 | 辽三/辽宁北配(第三批)/4277/ [索取号:Q939/79] | 在馆 | |
| 7 | 2001720220 | 2001720220 | 辽三/辽宁北配(第三批)/4277/ [索取号:Q939/79] | 在馆 | |
| 8 | 2001720221 | 2001720221 | 辽三/辽宁北配(第三批)/4277/ [索取号:Q939/79] | 在馆 | |
| 9 | 2001720222 | 2001720222 | 辽三/辽宁北配(第三批)/4277/ [索取号:Q939/79] | 在馆 | |
| 10 | 2001720223 | 2001720223 | 辽三/辽宁北配(第三批)/4277/ [索取号:Q939/79] | 在馆 | |
| 11 | 2001720224 | 2001720224 | 辽三/辽宁北配(第三批)/4277/ [索取号:Q939/79] | 在馆 | |
| 12 | 2001720225 | 2001720225 | 辽三/辽宁北配(第三批)/4277/ [索取号:Q939/79] | 在馆 | |
| 13 | 2001720226 | 2001720226 | 辽三/辽宁北配(第三批)/4277/ [索取号:Q939/79] | 在馆 | |
| 14 | 2001720227 | 2001720227 | 辽三/辽宁北配(第三批)/4277/ [索取号:Q939/79] | 在馆 | |
| 15 | 2001720228 | 2001720228 | 辽三/辽宁北配(第三批)/4277/ [索取号:Q939/79] | 在馆 | |
| 16 | 2001720229 | 2001720229 | 辽三/辽宁北配(第三批)/4277/ [索取号:Q939/79] | 在馆 | |
| 17 | 2001720230 | 2001720230 | 辽三/辽宁北配(第三批)/4277/ [索取号:Q939/79] | 在馆 | |
| 18 | 2001720231 | 2001720231 | 辽三/辽宁北配(第三批)/4277/ [索取号:Q939/79] | 在馆 | |
| 19 | 2001720232 | 2001720232 | 辽三/辽宁北配(第三批)/4277/ [索取号:Q939/79] | 在馆 | |
| 20 | 2001720233 | 2001720233 | 辽三/辽宁北配(第三批)/4277/ [索取号:Q939/79] | 在馆 | |
| 21 | 2001720234 | 2001720234 | 辽三/辽宁北配(第三批)/4277/ [索取号:Q939/79] | 在馆 | |
| 22 | 2001720235 | 2001720235 | 辽三/辽宁北配(第三批)/4277/ [索取号:Q939/79] | 在馆 | |
| 23 | 2001720236 | 2001720236 | 辽三/辽宁北配(第三批)/4277/ [索取号:Q939/79] | 在馆 | |
| 24 | 2001720237 | 2001720237 | 辽三/辽宁北配(第三批)/4277/ [索取号:Q939/79] | 在馆 | |
| 25 | 2001720238 | 2001720238 | 辽三/辽宁北配(第三批)/4277/ [索取号:Q939/79] | 在馆 | |
| 26 | 2001720239 | 2001720239 | 辽三/辽宁北配(第三批)/4277/ [索取号:Q939/79] | 在馆 | |
| 27 | 2001720240 | 2001720240 | 辽三/辽宁北配(第三批)/4277/ [索取号:Q939/79] | 在馆 | |
| 28 | 2001720241 | 2001720241 | 辽三/辽宁北配(第三批)/4277/ [索取号:Q939/79] | 在馆 | |
| 29 | 2001720242 | 2001720242 | 辽三/辽宁北配(第三批)/4277/ [索取号:Q939/79] | 在馆 | |
| 30 | 2001720243 | 2001720243 | 辽三/辽宁北配(第三批)/4277/ [索取号:Q939/79] | 在馆 |